| 000 | 01026nam a2200325 a 4500 | ||
|---|---|---|---|
| 001 | 000000733 | ||
| 003 | DO-SdBPM | ||
| 005 | 20260505131632.0 | ||
| 007 | ta | ||
| 008 | 090429s2012 dr r 000 j spa d | ||
| 020 | _z9789945160516 | ||
| 020 | _z | ||
| 040 |
_aDO-SdBPM _bspa _cBPMSU _erda |
||
| 082 | 0 | 4 |
_aRD863.44 _bJ58c, 2006 _222 |
| 100 | 1 |
_aJesús Ulerio, Luis Felipe de, _d1970 - _4aut. _eautor |
|
| 245 | 1 | 0 |
_aCatalepsia : _bcuentos de muertos contados por vivos / _cLuis Felipe de Jesús Ulerio. |
| 250 | _a | ||
| 260 | _c2012 | ||
| 264 |
_aSanto Domingo : _bEditora Búho, _c2006 |
||
| 300 |
_a136 páginas ; _c22 cm. |
||
| 336 |
_atexto _bn _2rdacontent |
||
| 337 |
_asin mediación _bn _2rdamedia |
||
| 338 |
_avolumen _bnc _2rdacarrier |
||
| 500 | _aIncluye datos biográficos del autor en la solapa de la cubierta | ||
| 590 | _aInventariado, 2026/VM | ||
| 650 | 4 | _aCuentos dominicanos | |
| 650 | 4 | _aLiteratura dominicana. | |
| 910 | _aVMateo V. Control de calidad. BPMSU | ||
| 942 |
_2ddc _cBK |
||
| 999 |
_c15818 _d15818 |
||